[Event "Verbandsliga Sued Baden 1213"]
[Site "Baden"]
[Date "2013.03.24"]
[Round "8.4"]
[White "Zeiler, Klaus"]
[Black "Raka, Ramadan"]
[Result "1/2-1/2"]
[WhiteElo "2067"]
[BlackElo "2113"]
[PlyCount "31"]
[EventDate "2012.10.21"]
[EventType "team-tourn"]
[EventRounds "9"]
[EventCountry "GER"]
[SourceTitle "EXT 2014"]
[Source "ChessBase"]
[SourceDate "2013.11.20"]
[SourceVersion "1"]
[SourceVersionDate "2013.11.20"]
[SourceQuality "1"]
[WhiteTeam "Konstanz"]
[BlackTeam "Iffezheim"]
[WhiteTeamCountry "GER"]
[BlackTeamCountry "GER"]

1. d4 d6 2. Nf3 Bf5 3. c4 c6 4. Nc3 Nf6 5. e3 e6 6. Be2 d5 7. 0-0 Bd6 8. Qb3 Qc8 9. Bd2 Nbd7 10. Rac1 h6 11. Rfd1 0-0 12. cxd5 exd5 13. Nb5 Be7 14. Bb4 Bxb4 15. Qxb4 Ne8 16. Bd3 1/2-1/2

[Event "Verbandsliga Sued Baden 1011"]
[Site "Baden"]
[Date "2011.03.13"]
[Round "7.3"]
[White "Raka, Ramadan"]
[Black "Fien, Andreas"]
[Result "0-1"]
[WhiteElo "2154"]
[BlackElo "2151"]
[PlyCount "96"]
[EventDate "2010.10.17"]
[EventType "team-tourn"]
[EventRounds "9"]
[EventCountry "GER"]
[SourceTitle "EXT 2012"]
[Source "ChessBase"]
[SourceDate "2011.11.24"]
[SourceVersion "1"]
[SourceVersionDate "2011.11.24"]
[SourceQuality "1"]
[WhiteTeam "Iffezheim"]
[BlackTeam "Lahr"]
[WhiteTeamCountry "GER"]
[BlackTeamCountry "GER"]

1. d4 Nf6 2. Nf3 e6 3. Bf4 c5 4. e3 b6 5. Bd3 cxd4 6. exd4 Bb7 7. Nbd2 Be7 8. c3 0-0 9. h3 d6 10. 0-0 Nbd7 11. Re1 Re8 12. Qc2 a6 13. a4 Rc8 14. Ng5 g6 15. Ngf3 Nd5 16. Bg3 Nb4 17. Qb1 Nxd3 18. Qxd3 Qc7 19. Qe3 Qc6 20. Nf1 Bf8 21. Qd2 Nf6 22. Bf4 Ne4 23. Qc1 Bg7 24. Bh6 Bh8 25. Ne3 b5 26. axb5 axb5 27. Qc2 Qb6 28. Qb3 Ra8 29. Qb4 Qc6 30. Red1 Nf6 31. Nh2 Nd5 32. Nxd5 Qxd5 33. f3 e5 34. dxe5 Rxa1 35. Rxa1 dxe5 36. Re1 Bg7 37. Qh4 f5 38. Nf1 Qb3 39. Re2 e4 40. Bxg7 Kxg7 41. Qf4 Qf7 42. fxe4 Bxe4 43. Nd2 Bc6 44. Rxe8 Qxe8 45. Kf2 Ba8 46. Nb3 Qc6 47. Qg3 f4 48. Qf3 Qb6+ 0-1

[Event "Verbandsliga Sued Baden 0910"]
[Site "Germany"]
[Date "2010.04.25"]
[Round "9.2"]
[White "Schwing, Hans Elmar"]
[Black "Raka, Ramadan"]
[Result "1-0"]
[WhiteElo "2306"]
[BlackElo "2148"]
[PlyCount "87"]
[EventDate "2009.10.11"]
[EventType "team-tourn"]
[EventRounds "9"]
[EventCountry "GER"]
[SourceTitle "EXT 2011"]
[Source "ChessBase"]
[SourceDate "2010.11.26"]
[SourceVersion "1"]
[SourceVersionDate "2010.11.26"]
[SourceQuality "1"]
[WhiteTeam "Dreisamtal"]
[BlackTeam "Iffezheim"]
[WhiteTeamCountry "GER"]
[BlackTeamCountry "GER"]

1. d4 d5 2. Nf3 c6 3. c4 e6 4. e3 Bd6 5. Bd3 Nf6 6. Nc3 Nbd7 7. 0-0 h6 8. e4 dxe4 9. Nxe4 Nxe4 10. Bxe4 Nf6 11. Bc2 0-0 12. Qe2 Re8 13. Ne5 Nh7 14. Bxh7+ Kxh7 15. Nxf7 Qc7 16. Qe4+ Kg8 17. Nxd6 Qxd6 18. Bf4 Qd7 19. Be5 b6 20. Rad1 Bb7 21. Qg4 Re7 22. Rfe1 Rf8 23. c5 Rf5 24. Bd6 Re8 25. Re3 Rg5 26. Qe2 Rd5 27. b4 Qf7 28. Be5 Re7 29. h4 Bc8 30. Rc1 b5 31. Rcc3 Qf5 32. Re4 Kh7 33. h5 Rf7 34. Rg3 Rdd7 35. a3 a5 36. bxa5 Ra7 37. Reg4 Ba6 38. Qe4 Qxe4 39. Rxe4 Rad7 40. Reg4 Rb7 41. f3 b4 42. axb4 Bd3 43. Kf2 Bf5 44. Rxg7+ 1-0

[Event "Verbandsliga Sued Baden 0910"]
[Site "Germany"]
[Date "2010.03.07"]
[Round "7.2"]
[White "Reinhart, Emmanuel"]
[Black "Raka, Ramadan"]
[Result "1-0"]
[WhiteElo "2329"]
[BlackElo "2148"]
[PlyCount "61"]
[EventDate "2009.10.11"]
[EventType "team-tourn"]
[EventRounds "9"]
[EventCountry "GER"]
[SourceTitle "EXT 2011"]
[Source "ChessBase"]
[SourceDate "2010.11.26"]
[SourceVersion "1"]
[SourceVersionDate "2010.11.26"]
[SourceQuality "1"]
[WhiteTeam "Oberwinden"]
[BlackTeam "Iffezheim"]
[WhiteTeamCountry "GER"]
[BlackTeamCountry "GER"]

1. e4 e6 2. d4 d5 3. Nd2 Nf6 4. e5 Nfd7 5. Bd3 c5 6. c3 Nc6 7. Ne2 a6 8. 0-0 c4 9. Bc2 b5 10. Nf3 a5 11. Ng5 g6 12. h4 Nb6 13. Nf4 Qd7 14. h5 Kd8 15. Qf3 h6 16. Nxd5 Qxd5 17. Nxf7+ Kc7 18. Be4 Rg8 19. Bxd5 Nxd5 20. Nxh6 Bxh6 21. Bxh6 Bb7 22. Qf7+ Nce7 23. Qxe6 Ra6 24. Qf7 gxh5 25. e6 Raa8 26. Rfe1 Kb6 27. b3 Rae8 28. bxc4 Nxc3 29. d5 bxc4 30. Rab1+ Nxb1 31. Rxb1+ 1-0